000 01007nam a2200277Ia 4500
001 ebr2001594
003 CaPaEBR
006 m u
007 cr cn|||||||||
008 030218s2001 enk s 000 0 eng d
020 _z1843270188
040 _aCaPaEBR
_cCaPaEBR
035 _a(OCoLC)70750876
050 1 4 _aNA440
_b.M677 2001eb
100 1 _aMorris, William,
_d1834-1896.
245 1 0 _aGothic architecture
_h[electronic resource] /
_cWilliam Morris.
260 _aLondon :
_bElectric Book Co.,
_cc2001.
300 _a27 p.
500 _a"1889."
533 _aElectronic reproduction.
_bPalo Alto, Calif. :
_cebrary,
_d2009.
_nAvailable via World Wide Web.
_nAccess may be limited to ebrary affiliated libraries.
650 0 _aArchitecture, Gothic.
650 0 _aChurch architecture.
655 7 _aElectronic books.
_2local
710 2 _aebrary, Inc.
856 4 0 _uhttp://site.ebrary.com/lib/rucke/Doc?id=2001594
_zAn electronic book accessible through the World Wide Web; click to view
999 _c230169
_d230169